|
|
|
|
| LEADER |
00000nab a2200000 a 4500 |
| 001 |
vtls000598986 |
| 003 |
SK-MaSNL |
| 005 |
20260304092831.0 |
| 008 |
250425c1996 xo 0 slo |
| 015 |
|
|
|a SNBRB19rr/mm-uuuuu
|
| 035 |
|
|
|a CL0599125
|
| 035 |
|
|
|a (urnnbn)urn:nbn:sk:snk:ar-003pko
|
| 035 |
|
|
|a (uuid)1231e1c8-ece4-4a08-86b3-95e7ffa4db1a
|
| 035 |
|
|
|a urn:nbn:sk:snk-ab7tiu
|
| 040 |
|
|
|a SNKBUCL
|b slo
|c SNKBUCL
|e AACR2
|
| 041 |
0 |
|
|a slo
|
| 044 |
|
|
|a xo
|c SK
|
| 080 |
|
|
|a 674.032.475.2:534.3:681.816.064
|2 1981
|
| 080 |
|
|
|a 534.3
|2 1981
|
| 080 |
|
|
|a 681.816.064
|2 1981
|
| 100 |
1 |
|
|a Rajčan, Emil,
|d 1937-2010
|4 aut
|9 201694
|
| 245 |
1 |
0 |
|a Eignet sich Tannenholz für Klaviaturen bei Tasteninstrumenten?
|c Emil Rajčan
|
| 300 |
|
|
|b Obr. 7, tab. 1, res. angl., nem., rus., slov., lit. 3 zázn. v angl., nem., slov.
|
| 650 |
0 |
7 |
|a klávesové nástroje
|2 snkbucl
|9 79017
|
| 650 |
0 |
7 |
|a rezonančné drevo
|2 snkbucl
|9 1304569
|
| 650 |
0 |
7 |
|a smrekové drevo
|2 snkbucl
|9 68621
|
| 650 |
0 |
7 |
|a jedľové drevo
|2 snkbucl
|9 27961
|
| 655 |
|
7 |
|a články z novín a časopisov
|2 snkbucl
|9 267496
|
| 773 |
0 |
|
|t Drevársky výskum
|g Roč. 41, č. 3 (1996), s. 1-9
|x 0012-6136
|
| 850 |
|
|
|a Slovenská národná knižnica
|
| 852 |
|
|
|a Slovenská národná knižnica
|
| 954 |
|
|
|a odborná, vedecká literatúra pôvodná (slovenská)
|2 lita
|
| 958 |
|
|
|a article9
|
| 958 |
|
|
|a RK
|
| 958 |
|
|
|a OND
|
| 958 |
|
|
|a EUIPO
|
| 992 |
|
|
|a RBX
|
| 999 |
|
|
|c 2820467
|d 2822397
|